000 00322nam a22001217a 4500
020 _aNA
082 _222
_a338.5
100 _aSalvatore Dominick.
245 _aMicroeconomics /
260 _aHarper Collins College Publishers,
_bHarper Collins College Publishers,
_cc1994
300 _a597 p, ;
_bNA
_c24cm
942 _2ddc
_cGEN
999 _c1727
_d1727